[Event "SVK-chT2D 1920"]
[Site "Slovakia"]
[Date "2020.03.08"]
[Round "11.3"]
[White "Kopnicky, Vladimir"]
[Black "Kendi, Stefan"]
[Result "1-0"]
[WhiteElo "2083"]
[BlackElo "1987"]
[PlyCount "71"]
[EventDate "2019.10.26"]
[EventType "team-tourn"]
[EventRounds "11"]
[EventCountry "SVK"]
[SourceTitle "EXT 2022"]
[Source "ChessBase"]
[SourceDate "2021.10.06"]
[SourceVersion "1"]
[SourceVersionDate "2021.10.06"]
[SourceQuality "1"]
[WhiteTeam "Poprad LS VD"]
[BlackTeam "Velke Kapusany"]
[WhiteTeamCountry "SVK"]
[BlackTeamCountry "SVK"]

1. d4 Nf6 2. Nf3 g6 3. g3 Bg7 4. Bg2 0-0 5. c4 d6 6. 0-0 Nbd7 7. Nc3 c6 8. Qc2 Qc7 9. h3 Re8 10. e4 e5 11. Be3 Nf8 12. d5 c5 13. Qd2 a6 14. Nh4 Nh5 15. Kh2 Qe7 16. Bf3 Nf4 17. Bg4 f5 18. exf5 g5 19. f6 Qxf6 20. Ne4 Qd8 21. Nf5 h5 22. Nxg7 Kxg7 23. Bxc8 Qxc8 24. Nxg5 N8g6 25. gxf4 exf4 26. Bxf4 Qf5 27. Bxd6 Kf6 28. f4 Nh4 29. Be5+ Kg6 30. Rae1 Kh6 31. Qf2 Ng6 32. Ne6 Rg8 33. Rg1 b5 34. b3 bxc4 35. bxc4 Rab8 36. Bxb8 1-0

[Event "SVK-chT2D 1920"]
[Site "Slovakia"]
[Date "2019.10.27"]
[Round "2.5"]
[White "Durica, Daniel"]
[Black "Kendi, Stefan"]
[Result "0-1"]
[WhiteElo "1917"]
[BlackElo "2020"]
[PlyCount "62"]
[EventDate "2019.10.26"]
[EventType "team-tourn"]
[EventRounds "11"]
[EventCountry "SVK"]
[SourceTitle "CBM 193 Extra"]
[Source "ChessBase"]
[SourceDate "2020.01.31"]
[SourceVersion "1"]
[SourceVersionDate "2020.01.31"]
[SourceQuality "1"]
[WhiteTeam "Presov Tatran Dason"]
[BlackTeam "Velke Kapusany"]
[WhiteTeamCountry "SVK"]
[BlackTeamCountry "SVK"]

1. d4 Nf6 2. c4 g6 3. Nc3 Bg7 4. e4 d6 5. f3 Nbd7 6. Be3 0-0 7. Qd2 e5 8. d5 Ne8 9. g4 f5 10. gxf5 gxf5 11. exf5 Qh4+ 12. Bf2 Qh5 13. 0-0-0 Nc5 14. Ne4 b6 15. Ng3 Qf7 16. Nh3 Bxf5 17. Ng5 Qd7 18. b4 h6 19. bxc5 hxg5 20. c6 Qc8 21. Qxg5 Bh7 22. Bd3 Bxd3 23. Rxd3 Qa6 24. Qg4 Qxa2 25. Qe6+ Kh7 26. Ne4 Bh6+ 27. f4 Qxc4+ 28. Kd2 Qxe4 29. Rh3 Qg6 30. Qe7+ Rf7 31. Qh4 Rxf4 0-1

[Event "SVK-chT2D 1718"]
[Site "Slovakia"]
[Date "2018.03.18"]
[Round "11.3"]
[White "Kendi, Stefan"]
[Black "Pacholsky, Martin"]
[Result "1-0"]
[WhiteElo "1985"]
[BlackElo "2023"]
[PlyCount "71"]
[EventDate "2017.10.28"]
[EventType "team-tourn"]
[EventRounds "11"]
[EventCountry "SVK"]
[SourceTitle "EXT 2020"]
[Source "ChessBase"]
[SourceDate "2019.10.17"]
[SourceVersion "1"]
[SourceVersionDate "2019.10.17"]
[SourceQuality "1"]
[WhiteTeam "Velke Kapusany"]
[BlackTeam "Gelnica Slovan"]
[WhiteTeamCountry "SVK"]
[BlackTeamCountry "SVK"]

1. e4 e6 2. d4 d5 3. Bd3 c5 4. Nf3 Nc6 5. exd5 exd5 6. dxc5 Bxc5 7. 0-0 Nge7 8. Re1 h6 9. Nc3 0-0 10. Bf4 a6 11. Qd2 Nb4 12. Rad1 b5 13. a3 Nxd3 14. Qxd3 Be6 15. Nd4 Qb6 16. Be3 Bxd4 17. Bxd4 Qc6 18. Re5 Ng6 19. Re3 Bg4 20. Rde1 Nf4 21. Qd2 Ne6 22. Rg3 Nxd4 23. Qxd4 Rfe8 24. Rxe8+ Rxe8 25. h3 Re1+ 26. Kh2 h5 27. hxg4 h4 28. Re3 Qd6+ 29. f4 Rxe3 30. Qxe3 d4 31. Qe8+ Kh7 32. Qe4+ Kg8 33. Ne2 g5 34. Qe5 Qc6 35. Qxg5+ Kf8 36. Nxd4 1-0

[Event "SVK-chT2D 1718"]
[Site "Slovakia"]
[Date "2017.11.25"]
[Round "3.4"]
[White "Nadzamova, Sofia"]
[Black "Kendi, Stefan"]
[Result "0-1"]
[WhiteElo "1856"]
[BlackElo "1964"]
[PlyCount "82"]
[EventDate "2017.10.28"]
[EventType "team-tourn"]
[EventRounds "11"]
[EventCountry "SVK"]
[SourceTitle "EXT 2019"]
[Source "ChessBase"]
[SourceDate "2018.10.10"]
[SourceVersion "1"]
[SourceVersionDate "2018.10.10"]
[SourceQuality "1"]
[WhiteTeam "Kosice Slavia TU IV"]
[BlackTeam "Velke Kapusany"]
[WhiteTeamCountry "SVK"]
[BlackTeamCountry "SVK"]

1. e4 e6 2. d4 d5 3. exd5 exd5 4. c4 Nf6 5. Bd3 Be6 6. c5 Be7 7. Ne2 Nc6 8. Nbc3 Qd7 9. a3 Bg4 10. f3 Bf5 11. b4 0-0 12. 0-0 Rfe8 13. Bf4 Bg6 14. Bc2 a6 15. Bg5 Bxc2 16. Qxc2 h6 17. Bd2 Nh7 18. Qd3 Bf6 19. Be3 Re7 20. Bf2 Rae8 21. Nf4 Re3 22. Bxe3 Rxe3 23. Qxe3 Bxd4 24. Qxd4 Nxd4 25. Rad1 Nc6 26. Nfxd5 Qf5 27. Ne4 Ng5 28. Rfe1 Ne6 29. a4 Kh8 30. Rd3 Ne5 31. Nxc7 Nxd3 32. Rd1 Nxc7 33. Rxd3 Ne6 34. Rd7 Nf4 35. Rxb7 f6 36. c6 Qd5 37. Rb8+ Kh7 38. c7 Qd4+ 39. Kf1 Qc4+ 40. Kf2 Qxc7 41. Ra8 Nd3+ 0-1

[Event "SVK-chT2D 1617"]
[Site "Slovakia"]
[Date "2017.02.11"]
[Round "8.5"]
[White "Kendi, Stefan"]
[Black "Micek, Jiri"]
[Result "1-0"]
[WhiteElo "1959"]
[BlackElo "1739"]
[PlyCount "51"]
[EventDate "2016.10.08"]
[EventType "team-tourn"]
[EventRounds "11"]
[EventCountry "SVK"]
[SourceTitle "EXT 2018"]
[Source "ChessBase"]
[SourceDate "2017.10.13"]
[SourceVersion "1"]
[SourceVersionDate "2017.10.13"]
[SourceQuality "1"]
[WhiteTeam "Velke Kapusany"]
[BlackTeam "Margecany II"]
[WhiteTeamCountry "SVK"]
[BlackTeamCountry "SVK"]

1. e4 c5 2. Nf3 Nc6 3. d4 cxd4 4. Nxd4 g6 5. Nc3 Bg7 6. Be3 a6 7. Qd2 Nf6 8. Be2 d6 9. f3 0-0 10. g4 Nd7 11. h4 Nxd4 12. Bxd4 Bxd4 13. Qxd4 Qb6 14. Qd2 Kg7 15. 0-0-0 Qa5 16. h5 g5 17. h6+ Kg8 18. Bc4 Qe5 19. Rh5 Kh8 20. Rxg5 Qf6 21. Nd5 Qxf3 22. Rf1 Qh3 23. Nxe7 Ne5 24. Rxe5 f6 25. Qxd6 Qxh6+ 26. g5 1-0

[Event "SVK-chT2D 1617"]
[Site "Slovakia"]
[Date "2016.11.06"]
[Round "4.4"]
[White "Jakubik, Matej"]
[Black "Kendi, Stefan"]
[Result "1-0"]
[WhiteElo "1911"]
[BlackElo "1959"]
[PlyCount "117"]
[EventDate "2016.10.08"]
[EventType "team-tourn"]
[EventRounds "11"]
[EventCountry "SVK"]
[SourceTitle "EXT 2018"]
[Source "ChessBase"]
[SourceDate "2017.10.13"]
[SourceVersion "1"]
[SourceVersionDate "2017.10.13"]
[SourceQuality "1"]
[WhiteTeam "Kosice 1 CC"]
[BlackTeam "Velke Kapusany"]
[WhiteTeamCountry "SVK"]
[BlackTeamCountry "SVK"]

1. d4 Nf6 2. c4 g6 3. Nc3 Bg7 4. e4 d6 5. Nf3 Nbd7 6. Be2 0-0 7. 0-0 e5 8. Re1 Re8 9. d5 Nc5 10. Bf1 a5 11. Bg5 Bd7 12. Qc2 Qc8 13. b3 Nh5 14. Be3 b6 15. a3 f5 16. Ng5 h6 17. Ne6 Nxe6 18. dxe6 Bxe6 19. Be2 Nf6 20. f3 f4 21. Bf2 g5 22. b4 h5 23. c5 bxc5 24. bxc5 dxc5 25. Na4 Bf8 26. Red1 Rb8 27. Bxc5 Bb3 28. Bc4+ Bxc4 29. Qxc4+ Qe6 30. Qc3 Qb3 31. Bxf8 Qxc3 32. Nxc3 Kxf8 33. Nd5 Nxd5 34. Rxd5 Ra8 35. Rc1 Re7 36. Rcc5 Rae8 37. Rxa5 Kf7 38. Kf2 Kf6 39. Ke2 c6 40. Ra6 Re6 41. Rc5 Rc8 42. a4 Rd6 43. a5 Rc7 44. Rb6 Re6 45. Kd3 Ke7 46. a6 Kd6 47. Kc4 Kd7 48. Kb4 g4 49. Ka5 Kc8 50. Rb2 gxf3 51. gxf3 h4 52. Kb6 Kb8 53. Rd2 Rc8 54. Rd7 h3 55. Rh7 Rg6 56. Rxh3 Rg2 57. Rxe5 c5 58. Rxc5 Rb2+ 59. Rb5 1-0

[Event "SVK-chT2D 1516"]
[Site "Slovakia"]
[Date "2016.03.12"]
[Round "10.4"]
[White "Kendi, Stefan"]
[Black "Dujava, Daniel"]
[Result "0-1"]
[WhiteElo "2007"]
[BlackElo "1863"]
[PlyCount "134"]
[EventDate "2015.10.17"]
[EventType "team-tourn"]
[EventRounds "11"]
[EventCountry "SVK"]
[SourceTitle "EXT 2017"]
[Source "ChessBase"]
[SourceDate "2016.10.25"]
[SourceVersion "1"]
[SourceVersionDate "2016.10.25"]
[SourceQuality "1"]
[WhiteTeam "Velke Kapusany"]
[BlackTeam "Sabinov II"]
[WhiteTeamCountry "SVK"]
[BlackTeamCountry "SVK"]

1. e4 c5 2. Nf3 e6 3. d4 cxd4 4. Nxd4 a6 5. Nc3 b5 6. Be3 Bb7 7. f3 Qc7 8. Qd2 Nf6 9. Bd3 b4 10. Na4 d5 11. 0-0-0 Nbd7 12. Rhe1 dxe4 13. fxe4 Ng4 14. Bg1 Be7 15. Kb1 0-0 16. h3 Nge5 17. b3 Nc6 18. Nf3 Rad8 19. Qe2 a5 20. h4 Bd6 21. Nb2 Nde5 22. Nc4 Nxd3 23. Rxd3 Bg3 24. Bb6 Qc8 25. Red1 Rxd3 26. Rxd3 Bc7 27. Bc5 Rd8 28. Qd2 Rxd3 29. Qxd3 Ba6 30. Qe3 Bxc4 31. bxc4 Qd8 32. Qd3 f6 33. Qxd8+ Bxd8 34. Nd4 Nxd4 35. Bxd4 Kf7 36. Kb2 Ke7 37. Kb3 Kd6 38. c5+ Kc6 39. Kc4 h5 40. c3 bxc3 41. Bxc3 g5 42. Be1 g4 43. a4 f5 44. exf5 exf5 45. Bg3 Be7 46. Be1 Bd8 47. Bg3 f4 48. Bxf4 Bxh4 49. Bd2 Bd8 50. Kd4 h4 51. Ke4 Bc7 52. Be1 g3 53. Kf3 Kxc5 54. Bd2 Kc4 55. Bg5 Kb4 56. Bxh4 Kxa4 57. Bxg3 Bxg3 58. Kxg3 Kb4 59. Kh4 a4 60. g4 a3 61. g5 a2 62. Kh5 a1Q 63. Kh6 Qh8+ 64. Kg6 Qg8+ 65. Kh6 Kc5 66. g6 Kd6 67. Kg5 Qg7 0-1

[Event "SVK-chT2D 1516"]
[Site "Slovakia"]
[Date "2016.02.14"]
[Round "9.4"]
[White "Kendi, Stefan"]
[Black "Savina, Miroslav"]
[Result "1-0"]
[WhiteElo "2007"]
[BlackElo "1810"]
[PlyCount "50"]
[EventDate "2015.10.17"]
[EventType "team-tourn"]
[EventRounds "11"]
[EventCountry "SVK"]
[SourceTitle "EXT 2017"]
[Source "ChessBase"]
[SourceDate "2016.10.25"]
[SourceVersion "1"]
[SourceVersionDate "2016.10.25"]
[SourceQuality "1"]
[WhiteTeam "Velke Kapusany"]
[BlackTeam "Kosice Dynamo"]
[WhiteTeamCountry "SVK"]
[BlackTeamCountry "SVK"]

1. e4 e5 2. Nf3 Nf6 3. d4 Nxe4 4. Nxe5 d6 5. Nf3 d5 6. Bd3 Bg4 7. 0-0 Be7 8. Re1 f5 9. c4 c6 10. cxd5 cxd5 11. Qa4+ Kf8 12. Ne5 Qb6 13. Nxg4 fxg4 14. Bxe4 dxe4 15. Rxe4 h5 16. Nc3 Nc6 17. d5 Nb4 18. Be3 Qd6 19. Bf4 Qb6 20. d6 Bxd6 21. Bxd6+ Qxd6 22. Qxb4 Qxb4 23. Rxb4 b6 24. Rd1 Re8 25. Re4 Kf7 1-0

[Event "SVK-chT2D 1516"]
[Site "Slovakia"]
[Date "2015.12.05"]
[Round "5.4"]
[White "Kendi, Stefan"]
[Black "Volcko, Richard"]
[Result "1-0"]
[WhiteElo "2007"]
[BlackElo "1913"]
[PlyCount "55"]
[EventDate "2015.10.17"]
[EventType "team-tourn"]
[EventRounds "11"]
[EventCountry "SVK"]
[SourceTitle "CBM 170 Extra"]
[Source "ChessBase"]
[SourceDate "2016.02.25"]
[SourceVersion "1"]
[SourceVersionDate "2016.02.25"]
[SourceQuality "1"]
[WhiteTeam "Velke Kapusany"]
[BlackTeam "Bardejov II"]
[WhiteTeamCountry "SVK"]
[BlackTeamCountry "SVK"]

1. e4 e5 2. Nf3 Nc6 3. Bb5 Bc5 4. c3 f5 5. Bxc6 dxc6 6. 0-0 Nf6 7. d4 fxe4 8. Nxe5 Bd6 9. Bg5 Qe7 10. Nd2 Bf5 11. Qb3 Bxe5 12. dxe5 Qxe5 13. Qxb7 0-0 14. Bxf6 Qxf6 15. Qxc7 Rad8 16. Nc4 Rd7 17. Qe5 Qd8 18. Ne3 Qf6 19. Qxf6 Rxf6 20. Rad1 Rd3 21. Rxd3 exd3 22. Nxf5 Rxf5 23. Rd1 Rb5 24. Rd2 c5 25. c4 Ra5 26. b3 Kf7 27. f3 Ra6 28. Kf2 1-0

[Event "SVK-chT2D 14/15"]
[Site "Slovakia"]
[Date "2015.02.15"]
[Round "9.4"]
[White "Pavlik, Milan"]
[Black "Kendi, Stefan"]
[Result "1-0"]
[WhiteElo "2028"]
[BlackElo "1977"]
[PlyCount "85"]
[EventDate "2014.10.11"]
[EventType "team-tourn"]
[EventRounds "11"]
[EventCountry "SVK"]
[SourceTitle "EXT 2019"]
[Source "ChessBase"]
[SourceDate "2018.10.10"]
[SourceVersion "1"]
[SourceVersionDate "2018.10.10"]
[SourceQuality "1"]
[WhiteTeam "Sabinov II"]
[BlackTeam "Velke Kapusany Energetik"]
[WhiteTeamCountry "SVK"]
[BlackTeamCountry "SVK"]

1. e4 e6 2. d4 d5 3. Nd2 Nf6 4. e5 Nfd7 5. Bd3 c5 6. c3 Nc6 7. Ne2 Be7 8. f4 b6 9. 0-0 cxd4 10. cxd4 Nb4 11. Bb1 Ba6 12. Rf3 Bxe2 13. Qxe2 Rc8 14. Nb3 g6 15. a3 Nc6 16. Be3 a5 17. Bd3 a4 18. Nd2 Na7 19. Rh3 b5 20. g4 Qb6 21. f5 gxf5 22. gxf5 Rg8+ 23. Kh1 Nf8 24. Rf1 Rc7 25. Qf3 Bg5 26. Bxg5 Rxg5 27. Qf4 Rg8 28. Nf3 Nc6 29. Rh6 exf5 30. Bxf5 Ng6 31. Bxg6 fxg6 32. Qh4 Rf8 33. Rxh7 Rxh7 34. Qxh7 Nxd4 35. Rc1 Rf7 36. Qg8+ Ke7 37. Nxd4 Rf8 38. Qh7+ Rf7 39. Qh4+ Ke8 40. Rc8+ Kd7 41. e6+ Kxc8 42. exf7 Qc5 43. Qf4 1-0

[Event "SVK-chT2D 1314"]
[Site "Slovakia"]
[Date "2014.02.23"]
[Round "9.4"]
[White "Belis, Rudolf"]
[Black "Kendi, Stefan"]
[Result "0-1"]
[WhiteElo "2027"]
[BlackElo "1992"]
[PlyCount "80"]
[EventDate "2013.10.19"]
[EventType "team-tourn"]
[EventRounds "11"]
[EventCountry "SVK"]
[SourceTitle "EXT 2015"]
[Source "ChessBase"]
[SourceDate "2014.11.20"]
[SourceVersion "1"]
[SourceVersionDate "2014.11.20"]
[SourceQuality "1"]
[WhiteTeam "Presov Tatran Dason"]
[BlackTeam "Velke Kapusany"]
[WhiteTeamCountry "SVK"]
[BlackTeamCountry "SVK"]

1. d4 Nf6 2. c4 g6 3. Nc3 Bg7 4. e4 d6 5. f4 0-0 6. Be2 c5 7. d5 Ne8 8. Nf3 e5 9. fxe5 dxe5 10. Be3 b6 11. Qd2 Nd6 12. 0-0-0 Nd7 13. h4 f6 14. g4 a6 15. Bh6 Rb8 16. Bxg7 Kxg7 17. Bd3 b5 18. cxb5 c4 19. Bc2 axb5 20. Qh2 b4 21. Ne2 Qb6 22. Qg1 Nc5 23. g5 c3 24. gxf6+ Rxf6 25. Nxe5 Qa5 26. Qd4 Qxa2 27. bxc3 b3 28. Kd2 Qxc2+ 29. Ke3 Qxe4+ 30. Qxe4 Ncxe4 31. Nc6 Rb6 32. Kd4 Nf2 33. c4 Nxd1 34. Rxd1 Bg4 35. c5 Nf5+ 36. Kd3 Rbxc6 37. dxc6 Rxc6 38. Rc1 Bxe2+ 39. Kxe2 b2 40. Rb1 Rxc5 0-1

[Event "SVK-chT2D 1314"]
[Site "Slovakia"]
[Date "2014.01.11"]
[Round "5.4"]
[White "Kendi, Stefan"]
[Black "Kornucik, Jan"]
[Result "1/2-1/2"]
[WhiteElo "1992"]
[BlackElo "1984"]
[PlyCount "55"]
[EventDate "2013.10.19"]
[EventType "team-tourn"]
[EventRounds "11"]
[EventCountry "SVK"]
[SourceTitle "EXT 2015"]
[Source "ChessBase"]
[SourceDate "2014.11.20"]
[SourceVersion "1"]
[SourceVersionDate "2014.11.20"]
[SourceQuality "1"]
[WhiteTeam "Velke Kapusany"]
[BlackTeam "Humenne II"]
[WhiteTeamCountry "SVK"]
[BlackTeamCountry "SVK"]

1. e4 c5 2. Nf3 Nc6 3. d4 cxd4 4. Nxd4 Nxd4 5. Qxd4 d6 6. Nc3 a6 7. Be3 Bd7 8. 0-0-0 Bc6 9. f3 Nf6 10. e5 dxe5 11. Qxe5 Qc8 12. Bc4 e6 13. Rhe1 Be7 14. Be2 0-0 15. g4 Qb8 16. Qxb8 Raxb8 17. Bg5 Bb4 18. Bd2 Rfd8 19. Nb1 Nd5 20. Bxb4 Nxb4 21. Nc3 Nd5 22. Nxd5 Bxd5 23. b3 Rdc8 24. Kb2 b5 25. Rd4 a5 26. b4 Rc7 27. Rc1 Ra7 28. a3 1/2-1/2

[Event "SVK-chT2D 1314"]
[Site "Slovakia"]
[Date "2013.11.24"]
[Round "4.4"]
[White "Kendi, Stefan"]
[Black "Sepesi, Samuel"]
[Result "0-1"]
[WhiteElo "1992"]
[BlackElo "1978"]
[PlyCount "80"]
[EventDate "2013.10.19"]
[EventType "team-tourn"]
[EventRounds "11"]
[EventCountry "SVK"]
[SourceTitle "EXT 2015"]
[Source "ChessBase"]
[SourceDate "2014.11.20"]
[SourceVersion "1"]
[SourceVersionDate "2014.11.20"]
[SourceQuality "1"]
[WhiteTeam "Velke Kapusany"]
[BlackTeam "Kosice Tahanovce"]
[WhiteTeamCountry "SVK"]
[BlackTeamCountry "SVK"]

1. e4 c5 2. Nf3 Nc6 3. d4 cxd4 4. Nxd4 Nf6 5. Nc3 d6 6. Be2 g6 7. Be3 Bg7 8. Qd2 0-0 9. 0-0-0 Bd7 10. f3 Rc8 11. g4 Ne5 12. h4 Nc4 13. Bxc4 Rxc4 14. h5 Qc7 15. hxg6 fxg6 16. Nde2 b5 17. g5 Nh5 18. Nd5 Qd8 19. Rxh5 gxh5 20. Nef4 e6 21. Nxh5 exd5 22. Qxd5+ Rf7 23. g6 hxg6 24. Nxg7 Kxg7 25. Bh6+ Kxh6 26. Qxf7 Qg5+ 27. Kb1 Qg2 28. Rc1 Bh3 29. Qf8+ Kh5 30. Qxd6 Qxf3 31. Qe5+ g5 32. Rg1 Bg2 33. Qe8+ Kh4 34. Qh8+ Kg3 35. Qb8+ Qf4 36. Qxa7 Qxe4 37. Qb8+ Kh3 38. Qh8+ Kg4 39. Rc1 Rxc2 40. Rxc2 Qe1+ 0-1

[Event "SVK-chT2D 1314"]
[Site "Slovakia"]
[Date "2013.10.20"]
[Round "2.4"]
[White "Kendi, Stefan"]
[Black "Svana, Kamil"]
[Result "1/2-1/2"]
[WhiteElo "1992"]
[BlackElo "2078"]
[PlyCount "29"]
[EventDate "2013.10.19"]
[EventType "team-tourn"]
[EventRounds "11"]
[EventCountry "SVK"]
[SourceTitle "EXT 2015"]
[Source "ChessBase"]
[SourceDate "2014.11.20"]
[SourceVersion "1"]
[SourceVersionDate "2014.11.20"]
[SourceQuality "1"]
[WhiteTeam "Velke Kapusany"]
[BlackTeam "Spisska Nova Ves"]
[WhiteTeamCountry "SVK"]
[BlackTeamCountry "SVK"]

1. e4 e5 2. Nf3 Nc6 3. Bb5 a6 4. Ba4 Nf6 5. d3 b5 6. Bb3 Be7 7. c3 d6 8. 0-0 0-0 9. Re1 h6 10. Nbd2 Re8 11. Nf1 Bf8 12. Ng3 d5 13. Bd2 Bb7 14. a4 dxe4 15. dxe4 1/2-1/2

[Event "SVK-chT2D 1112"]
[Site "Slovakia"]
[Date "2012.02.26"]
[Round "11.2"]
[White "Kendi, Stefan"]
[Black "Tauber, Marek"]
[Result "0-1"]
[WhiteElo "1991"]
[BlackElo "2191"]
[PlyCount "118"]
[EventDate "2011.10.08"]
[EventType "team-tourn"]
[EventRounds "11"]
[EventCountry "SVK"]
[SourceTitle "EXT 2013"]
[Source "ChessBase"]
[SourceDate "2012.11.22"]
[SourceVersion "1"]
[SourceVersionDate "2012.11.22"]
[SourceQuality "1"]
[WhiteTeam "Velke Kapusany"]
[BlackTeam "Kezmarok KdV II"]
[WhiteTeamCountry "SVK"]
[BlackTeamCountry "SVK"]

1. e4 c5 2. Nf3 Nc6 3. d4 cxd4 4. Nxd4 e5 5. Nb5 a6 6. N5c3 Nf6 7. Bc4 Be7 8. Be3 0-0 9. 0-0 d6 10. f3 Be6 11. Nd2 Rc8 12. Bb3 Na5 13. Qe2 Nxb3 14. axb3 d5 15. Nxd5 Bxd5 16. exd5 Nxd5 17. Nc4 Nxe3 18. Nxe3 Bc5 19. Kh1 Bxe3 20. Qxe3 Rxc2 21. Qxe5 Qd2 22. Rg1 Rxb2 23. Rad1 Qc2 24. b4 g6 25. Qe7 Qc8 26. Rge1 Rc2 27. h3 Rc7 28. Qd6 Rc6 29. Qe7 Rc7 30. Qd6 h6 31. Kg1 Qb8 32. Kh1 b6 33. Re4 Rc1 34. Qd2 Rxd1+ 35. Qxd1 Re8 36. Qe2 Rxe4 37. Qxe4 a5 38. bxa5 bxa5 39. Qa4 Qe5 40. f4 Qe1+ 41. Kh2 Kh7 42. Qc4 Qe6 43. Qa4 Qd5 44. g4 Qd2+ 45. Kg3 Qe3+ 46. Kg2 Qe2+ 47. Kg3 Qe1+ 48. Kf3 Qc3+ 49. Kg2 Qb4 50. Qa2 Kg8 51. Qd5 a4 52. f5 gxf5 53. gxf5 Qb2+ 54. Kh1 a3 55. f6 Qc1+ 56. Kh2 Qc2+ 57. Kg3 a2 58. Qe5 Kh7 59. Qe7 Qg6+ 0-1

[Event "SVK-chT2D 1112"]
[Site "Slovakia"]
[Date "2011.10.09"]
[Round "2.2"]
[White "Kendi, Stefan"]
[Black "Veselovsky, Jan"]
[Result "1/2-1/2"]
[WhiteElo "1991"]
[BlackElo "2071"]
[PlyCount "36"]
[EventDate "2011.10.08"]
[EventType "team-tourn"]
[EventRounds "11"]
[EventCountry "SVK"]
[SourceTitle "EXT 2013"]
[Source "ChessBase"]
[SourceDate "2012.11.22"]
[SourceVersion "1"]
[SourceVersionDate "2012.11.22"]
[SourceQuality "1"]
[WhiteTeam "Velke Kapusany"]
[BlackTeam "Zborov Magura"]
[WhiteTeamCountry "SVK"]
[BlackTeamCountry "SVK"]

1. e4 c6 2. d4 d5 3. Nc3 dxe4 4. Nxe4 Nd7 5. Qe2 e6 6. Bg5 Ngf6 7. 0-0-0 Be7 8. Bxf6 Nxf6 9. Nf3 Nxe4 10. Qxe4 Qd5 11. Qxd5 exd5 12. Re1 f6 13. Bd3 Kf7 14. Re3 Bd6 15. Kb1 Bd7 16. Rhe1 Rae8 17. Rxe8 Rxe8 18. Rxe8 Bxe8 1/2-1/2

[Event "Kosice Kotan Memorial 3rd"]
[Site "Kosice"]
[Date "2011.06.26"]
[Round "3"]
[White "Kendi, Stefan"]
[Black "Mrva, Vladimir"]
[Result "1/2-1/2"]
[WhiteElo "2028"]
[BlackElo "2150"]
[PlyCount "211"]
[EventDate "2011.06.25"]
[EventType "swiss"]
[EventRounds "9"]
[EventCountry "SVK"]
[SourceTitle "EXT 2012"]
[Source "ChessBase"]
[SourceDate "2011.11.24"]
[SourceVersion "1"]
[SourceVersionDate "2011.11.24"]
[SourceQuality "1"]

1. e4 e5 2. Nf3 Nc6 3. Bb5 a6 4. Ba4 Nf6 5. 0-0 b5 6. Bb3 Be7 7. c3 d6 8. Re1 0-0 9. d3 Na5 10. Bc2 c5 11. Nbd2 Qc7 12. Nf1 Bb7 13. Ng3 g6 14. Bh6 Rfe8 15. h3 Bf8 16. Bg5 Bg7 17. Nh2 d5 18. Qf3 dxe4 19. dxe4 Re6 20. Rad1 h6 21. Bc1 Rd8 22. h4 h5 23. Bg5 Rxd1 24. Qxd1 Rd6 25. Qc1 Nh7 26. Nf3 Nxg5 27. hxg5 c4 28. Nf1 Nc6 29. Ne3 Nd8 30. g4 hxg4 31. Nxg4 Qe7 32. Qe3 Bc8 33. Nfh2 Ne6 34. f3 Qxg5 35. Qxg5 Nxg5 36. Ne3 Nh3+ 37. Kf1 Nf4 38. Rd1 Rxd1+ 39. Nxd1 Bh6 40. Nf2 f6 41. Nhg4 Bg5 42. a4 Kf7 43. axb5 axb5 44. Nd1 Be6 45. Ndf2 Ke7 46. Nd1 Kd6 47. Kf2 Bh4+ 48. Ke3 Ng2+ 49. Ke2 Ne1 50. Bb1 Ke7 51. Nge3 Kd6 52. Nf2 Bxf2 53. Kxf2 Nd3+ 54. Bxd3 cxd3 55. Ke1 f5 56. Kd2 f4 57. Ng2 g5 58. Ne1 g4 59. fxg4 Bxg4 60. Nxd3 Bf3 61. Nf2 Kc5 62. Kd3 b4 63. Nh3 b3 64. Ng5 Bh5 65. Nh3 Bf7 66. Ng5 Bc4+ 67. Kd2 Kd6 68. Ke1 Bd3 69. Kf2 Bc2 70. Kf3 Ke7 71. Nh3 Bd1+ 72. Kf2 Bg4 73. Ng1 Kd6 74. Ne2 Bxe2 75. Kxe2 Kc6 76. Kd2 Kb5 77. Kd3 Kc5 78. Ke2 Kc4 79. Kd2 Kc5 80. Ke2 Kd6 81. Kf3 Ke6 82. Kg4 Kf6 83. Kh4 Ke7 84. Kg4 Kd6 85. Kf3 Kc5 86. Ke2 Kc4 87. Kd2 f3 88. Ke3 f2 89. Kxf2 Kd3 90. Kf3 Kc2 91. c4 Kxb2 92. c5 Ka2 93. c6 b2 94. c7 b1Q 95. c8Q Qd3+ 96. Kf2 Qd2+ 97. Kf1 Qf4+ 98. Ke2 Qxe4+ 99. Kd2 Qb4+ 100. Kc2 Qb1+ 101. Kd2 Qb4+ 102. Kc2 Qb2+ 103. Kd3 Kb1 104. Qc5 Qh2 105. Qb4+ Qb2 106. Qxb2+ 1/2-1/2

[Event "SVK-chT2D 10/11"]
[Site "Slovakia"]
[Date "2011.03.26"]
[Round "10.5"]
[White "Kendi, Stefan"]
[Black "Timko, Milan"]
[Result "1/2-1/2"]
[WhiteElo "2058"]
[BlackElo "1868"]
[PlyCount "48"]
[EventDate "2010.10.23"]
[EventType "team-tourn"]
[EventRounds "11"]
[EventCountry "SVK"]
[SourceTitle "EXT 2019"]
[Source "ChessBase"]
[SourceDate "2018.10.10"]
[SourceVersion "1"]
[SourceVersionDate "2018.10.10"]
[SourceQuality "1"]
[WhiteTeam "Velke Kapusany"]
[BlackTeam "Kosice 1 CC"]
[WhiteTeamCountry "SVK"]
[BlackTeamCountry "SVK"]

1. e4 c5 2. Nf3 g6 3. d4 cxd4 4. Nxd4 Bg7 5. c3 Nc6 6. Be3 Nf6 7. Nd2 0-0 8. Be2 d5 9. Nxc6 bxc6 10. e5 Nd7 11. f4 f6 12. exf6 Bxf6 13. Qa4 Qc7 14. 0-0-0 c5 15. Nf3 Nb6 16. Qc2 Bf5 17. Bd3 Nc4 18. Bd2 Rab8 19. Bxf5 Rxb2 20. Qd3 gxf5 21. Qxd5+ Kh8 22. Qxc4 Qb7 23. Rde1 Rd8 24. Kd1 Qxf3+ 1/2-1/2

[Event "SVK-chT2D 10/11"]
[Site "Slovakia"]
[Date "2011.03.05"]
[Round "8.2"]
[White "Bednar, Milan"]
[Black "Kendi, Stefan"]
[Result "1-0"]
[WhiteElo "2266"]
[BlackElo "2058"]
[PlyCount "75"]
[EventDate "2010.10.23"]
[EventType "team-tourn"]
[EventRounds "11"]
[EventCountry "SVK"]
[SourceTitle "EXT 2019"]
[Source "ChessBase"]
[SourceDate "2018.10.10"]
[SourceVersion "1"]
[SourceVersionDate "2018.10.10"]
[SourceQuality "1"]
[WhiteTeam "Stara Lubovna"]
[BlackTeam "Velke Kapusany"]
[WhiteTeamCountry "SVK"]
[BlackTeamCountry "SVK"]

1. c4 Nf6 2. Nc3 g6 3. g3 Bg7 4. Bg2 0-0 5. d4 d6 6. Nf3 Nbd7 7. 0-0 e5 8. h3 a5 9. e4 c6 10. Be3 Qc7 11. b3 Re8 12. Rc1 exd4 13. Bxd4 Nxe4 14. Nxe4 Rxe4 15. Bxg7 Kxg7 16. Ng5 Re8 17. Qd4+ f6 18. Ne4 Re6 19. Rcd1 d5 20. cxd5 cxd5 21. Qxd5 Qe5 22. Qd2 Nc5 23. Nd6 Qe2 24. Qc1 Nd3 25. Rxd3 Qxd3 26. Qc7+ Kh6 27. Nf7+ Kh5 28. g4+ Kh4 29. Kh2 Re5 30. Nxe5 fxe5 31. Qxh7+ Kg5 32. h4+ Kxg4 33. Qh6 Kf5 34. Bh3+ Ke4 35. Qxg6+ Kd4 36. Qd6+ Kc3 37. Rc1+ Kd2 38. Rd1+ 1-0